| 000 | 00626nam a2200217Ia 4500 | ||
|---|---|---|---|
| 003 | IEPS | ||
| 005 | 20250703135335.0 | ||
| 008 | 250223s9999||||xx |||||||||||||| ||und|| | ||
| 020 | _a9789923550793 | ||
| 040 | _CIEPS | ||
| 041 | _aara | ||
| 082 | _a070 | ||
| 100 | _aالرجبي، مجمود ابو فروة | ||
| 245 | 0 | _aفنون الصحافة الاستقصائية | |
| 245 | 4 | _bThe arts of investigative journalism | |
| 260 |
_aعمان _bالبديل للنشر والتوزيع _c2024 |
||
| 300 |
_a326 ص. _bجداول _c24 سم. |
||
| 653 | _aالاعلام | ||
| 653 | _aالصحافة | ||
| 942 | _cكتاب | ||
| 999 |
_c14170 _d14170 |
||